World class manufacturing V.1 : concepts and cases (Record no. 187218)

MARC details
000 -LEADER
fixed length control field 00423nam a2200157Ia 4500
008 - FIXED-LENGTH DATA ELEMENTS--GENERAL INFORMATION
fixed length control field 231217s9999 xx 000 0 und d
041 ## - LANGUAGE CODE
Language code of text/sound track or separate title English
082 ## - DEWEY DECIMAL CLASSIFICATION NUMBER
Classification number 338.4767 CHO.1;1
100 ## - MAIN ENTRY--PERSONAL NAME
Personal name Chowdary, Nagendra V ed.
245 #0 - TITLE STATEMENT
Title World class manufacturing V.1 : concepts and cases
260 ## - PUBLICATION, DISTRIBUTION, ETC.
Date of publication, distribution, etc. 2003
Name of publisher, distributor, etc. Icfai
Place of publication, distribution, etc. Hyderabad
300 ## - PHYSICAL DESCRIPTION
Extent xv, 166
400 ## - SERIES STATEMENT/ADDED ENTRY--PERSONAL NAME [OBSOLETE, CAN/MARC], [LOCAL, USA]
Personal name Economy series
650 ## - SUBJECT ADDED ENTRY--TOPICAL TERM
Topical term or geographic name entry element manufacturing,V.1
942 ## - ADDED ENTRY ELEMENTS (KOHA)
Koha item type Books
Holdings
Date last seen Total checkouts Full call number Accession number Cost, total (INR) price Price effective from Category Public note Lost status Damaged status Department Withdrawn status Home library Current library Shelving location Entry date Vendor Cost, normal purchase price Grants Billnumber Billdate Currency symbol Conversion rate Discount Old discount
26/01/2024   338.4767 CHO.1;1 63918 38.00 26/01/2024 Books 63918     Central Library   Central Library Central Library Central Library 24/07/2010 ICFAI Press 38.00 MBA 1993 25/02/2014 RS 1    
26/01/2024   338.4767 CHO.1;2 R1 63919 38.00 26/01/2024 Books 63919     F-Block Annex   Central Library Central Library F-Block Library Annex 24/07/2010 ICFAI Press 38.00 MBA 1993 25/02/2014 RS 1    
26/01/2024   338.4767 CHO.1;3 63920 38.00 26/01/2024 Books 63920     Central Library   Central Library Central Library Central Library 24/07/2010 ICFAI Press 38.00 MBA 1993 25/02/2014 RS 1    
26/01/2024   338.4767 CHO.1;4 63950 38.00 26/01/2024 Books 63950     Central Library   Central Library Central Library Central Library 24/07/2010 ICFAI Press 38.00 MBA 1993 25/02/2014 RS 1    
26/01/2024   338.4767 CHO.1;5 63951 38.00 26/01/2024 Books 63951     Central Library   Central Library Central Library Central Library 24/07/2010 ICFAI Press 38.00 MBA 1993 25/02/2014 RS 1    

© For any Suggestions or Query, please contact the library staff @ librarian@pes.edu or Phone: +9180 2672 1983/ 2108.